| 000 | 00362pab a2200145 454500 | ||
|---|---|---|---|
| 008 | 180718b2003 xxu||||| |||| 00| 0 eng d | ||
| 100 | _aSherry Glied | ||
| 245 | _aHealth care costs: on the rise again | ||
| 260 | _c2003 | ||
| 300 | _ap.125-48. | ||
| 362 | _aSpring | ||
| 650 | _aHealth services | ||
| 773 | _aJournal of Economic Perspectives | ||
| 909 | _a57013 | ||
| 999 |
_c57013 _d57013 |
||